Debetné a kreditné karty - ich využitie pred a počas finančnej krízy v eurozóne diplomová práca

Salvato in:
Dettagli Bibliografici
Autore principale: Szakállová, Andrea
Ente Autore: Národohospodárska fakulta EU. Katedra bankovníctva a medzinárodných financií
Altri autori: Kotlebová, Jana, 1969-
Natura: Libro
Lingua:slovacco
Pubblicazione: Bratislava 2019
Tags: Aggiungi Tag
Nessun Tag, puoi essere il primo ad aggiungerne!!

MARC

LEADER 00000nbm a2200000 4500
001 0254913
005 20190814143406.3
041 0 |a slo 
044 |a SK 
245 1 0 |a Debetné a kreditné karty - ich využitie pred a počas finančnej krízy v eurozóne  |b diplomová práca  |c Andrea Szakállová ; školiteľ: Jana Kotlebová 
264 1 |a Bratislava  |c 2019 
300 |a 77 s. 
100 1 |a Szakállová, Andrea 
700 1 |a Kotlebová, Jana, 1969- 
710 2 |a Národohospodárska fakulta EU. Katedra bankovníctva a medzinárodných financií